[Event "British Rapidplay"]
[Site "Peterborough"]
[Date "2024.03.03"]
[Round "8"]
[White "Cancedda Dupuis, Livio"]
[Black "Pink, Joshua"]
[Result "1-0"]
[WhiteElo "1959"]
[BlackElo "1894"]
[PlyCount "51"]
[EventDate "2024.03.02"]
[EventType "swiss (rapid)"]
[EventRounds "11"]
[EventCountry "ENG"]
[SourceTitle "CB10_2024"]
[SourceDate "2024.03.06"]
[SourceVersion "1"]
[SourceVersionDate "2024.03.06"]
[SourceQuality "1"]

1. e4 d6 2. d4 f5 3. exf5 Bxf5 4. Bd3 Qc8 5. Nf3 Nc6 6. c3 Nf6 7. 0-0 g6 8. Re1 Bg7 9. Na3 Bg4 10. Bg5 0-0 11. Nc4 Nd5 12. Be4 Nf6 13. Bxf6 exf6 14. h3 Bxf3 15. Qxf3 Qd7 16. h4 Rad8 17. Bd5+ Kh8 18. Be6 Qe7 19. h5 Ne5 20. Qh3 Nxc4 21. Bxc4 Qd7 22. Be6 Qb5 23. h6 Qxb2 24. hxg7+ Kxg7 25. Reb1 Qd2 26. Rxb7 1-0

[Event "British Rapidplay"]
[Site "Peterborough"]
[Date "2024.03.03"]
[Round "10"]
[White "Kovalskyi, Roman"]
[Black "Pink, Joshua"]
[Result "1-0"]
[WhiteElo "1989"]
[BlackElo "1894"]
[PlyCount "101"]
[EventDate "2024.03.02"]
[EventType "swiss (rapid)"]
[EventRounds "11"]
[EventCountry "ENG"]
[SourceTitle "CB10_2024"]
[SourceDate "2024.03.06"]
[SourceVersion "1"]
[SourceVersionDate "2024.03.06"]
[SourceQuality "1"]

1. e4 d6 2. d4 f5 3. Bd3 fxe4 4. Bxe4 Nf6 5. Bd3 g6 6. Bg5 Bg7 7. Qd2 0-0 8. h4 Nc6 9. Ne2 e5 10. h5 e4 11. Bb5 Bf5 12. hxg6 Bxg6 13. Nf4 Qc8 14. Nxg6 hxg6 15. Bc4+ d5 16. Bxf6 Rxf6 17. Bxd5+ Kf8 18. Nc3 Qg4 19. Bxe4 Re6 20. f3 Qg3+ 21. Qf2 Qxf2+ 22. Kxf2 Bxd4+ 23. Ke2 Kg7 24. Rad1 Rae8 25. Rh4 Bf6 26. Rh3 Rh8 27. Rd7+ Re7 28. Rxe7+ Nxe7 29. Rxh8 Kxh8 30. Bxb7 Bxc3 31. bxc3 Kg7 32. Be4 Kf6 33. Ke3 g5 34. Kd4 Ke6 35. Kc5 Ke5 36. Kb5 Nc8 37. Ka6 Nd6 38. Bc6 Nc4 39. Kxa7 Ne3 40. a4 Nxg2 41. a5 Ne3 42. a6 Nc4 43. Kb8 Kd6 44. a7 Nb6 45. a8Q Nxa8 46. Bxa8 c5 47. c4 Ke5 48. c3 Kf4 49. Kc7 g4 50. fxg4 Kxg4 51. Kd6 1-0

[Event "British Rapidplay"]
[Site "Peterborough"]
[Date "2024.03.03"]
[Round "11"]
[White "Pink, Joshua"]
[Black "Jermy, Jaden"]
[Result "1/2-1/2"]
[WhiteElo "1894"]
[BlackElo "2024"]
[PlyCount "152"]
[EventDate "2024.03.02"]
[EventType "swiss (rapid)"]
[EventRounds "11"]
[EventCountry "ENG"]
[SourceTitle "CB10_2024"]
[SourceDate "2024.03.06"]
[SourceVersion "1"]
[SourceVersionDate "2024.03.06"]
[SourceQuality "1"]

1. Nc3 d5 2. e4 dxe4 3. Nxe4 Nf6 4. Nxf6+ exf6 5. Bc4 Be7 6. d3 Nc6 7. Be3 0-0 8. Qd2 Ne5 9. Bb3 a5 10. a3 Be6 11. Bxe6 fxe6 12. Ne2 Nc6 13. 0-0 e5 14. d4 e4 15. Nf4 Qd7 16. c4 g5 17. Nd5 Bd6 18. f4 gxf4 19. Bxf4 f5 20. Bh6 Rf7 21. Qg5+ Kh8 22. Nf6 Be7 23. Nxd7 Bxg5 24. Bxg5 Rxd7 25. d5 Ne7 26. Bxe7 Rxe7 27. Rxf5 e3 28. Kf1 Rae8 29. Ke2 Re4 30. b3 a4 31. Rb1 axb3 32. Rxb3 Rxc4 33. Rxe3 Rxe3+ 34. Kxe3 Kg7 35. Rf3 Ra4 36. Kf2 Rd4 37. Rc3 Rd2+ 38. Ke3 Rxg2 39. Rxc7+ Kf6 40. Rxh7 Ke5 41. Rh5+ Kd6 42. h4 Ra2 43. Kd4 Rd2+ 44. Kc4 Rc2+ 45. Kb3 Rh2 46. a4 Kc5 47. Kc3 Rh3+ 48. Kd2 b6 49. Rh8 Kxd5 50. h5 Ke6 51. h6 Kf7 52. Kc2 Kg6 53. Rb8 Rh2+ 54. Kb3 Rh3+ 55. Kb4 Rh4+ 56. Kb5 Rh5+ 57. Kxb6 Rxh6 58. Rb7 Kf6 59. a5 Ke5+ 60. Kc7 Kd5 61. Rb5+ Kc4 62. Rb6 Rh7+ 63. Kb8 Kc5 64. Rb7 Rh8+ 65. Ka7 Kc6 66. a6 Rd8 67. Rg7 Re8 68. Rb7 Rd8 69. Rb8 Rd7+ 70. Ka8 Re7 71. a7 Re1 72. Rc8+ Kd7 73. Rb8 Kc6 74. Rd8 Kc7 75. Rg8 Re7 76. Rc8+ Kxc8 1/2-1/2

[Event "British Rapidplay"]
[Site "Peterborough"]
[Date "2024.03.02"]
[Round "6"]
[White "Eckersley Waites, Tom"]
[Black "Pink, Joshua"]
[Result "1-0"]
[WhiteElo "2302"]
[BlackElo "1894"]
[PlyCount "55"]
[EventDate "2024.03.02"]
[EventType "swiss (rapid)"]
[EventRounds "11"]
[EventCountry "ENG"]
[SourceTitle "CB10_2024"]
[SourceDate "2024.03.06"]
[SourceVersion "1"]
[SourceVersionDate "2024.03.06"]
[SourceQuality "1"]

1. e4 d6 2. d4 f5 3. Nc3 Nf6 4. exf5 Bxf5 5. h3 Nc6 6. g4 Bg6 7. Bg2 Nb4 8. f4 Nxc2+ 9. Kf2 Nxa1 10. Bxb7 Rb8 11. Bc6+ Nd7 12. d5 Nc2 13. a3 Rb6 14. f5 Bf7 15. Nf3 Rxc6 16. dxc6 Nc5 17. b4 Nb3 18. Qxc2 Nxc1 19. Rxc1 Qa8 20. Nb5 Kd8 21. Ng5 Bg8 22. Nd4 a6 23. Qe4 e5 24. fxe6 Be7 25. Nf7+ Bxf7 26. exf7 Qa7 27. Kg2 Bf6 28. Qe6 1-0

[Event "British Rapidplay"]
[Site "Peterborough"]
[Date "2024.03.02"]
[Round "1"]
[White "Pink, Joshua"]
[Black "Ou, Siyuan"]
[Result "1-0"]
[WhiteElo "1894"]
[BlackElo "1543"]
[PlyCount "147"]
[EventDate "2024.03.02"]
[EventType "swiss (rapid)"]
[EventRounds "11"]
[EventCountry "ENG"]
[SourceTitle "CB10_2024"]
[SourceDate "2024.03.06"]
[SourceVersion "1"]
[SourceVersionDate "2024.03.06"]
[SourceQuality "1"]

1. Nc3 e6 2. g3 d5 3. Bg2 c5 4. e3 Nc6 5. Nge2 Nf6 6. d4 cxd4 7. exd4 a6 8. Bf4 b5 9. 0-0 Bb7 10. Re1 Ne7 11. Bg5 Ng6 12. h4 h6 13. h5 hxg5 14. hxg6 Rh6 15. gxf7+ Kxf7 16. Qd2 Ng4 17. f3 Nh2 18. f4 gxf4 19. Qxf4+ Kg8 20. Qe3 Bd6 21. Nf4 Ng4 22. Nxe6 Nxe3 23. Nxd8 Nxg2 24. Nxb7 Nxe1 25. Nxd6 Rxd6 26. Rxe1 Rf8 27. Re5 Rfd8 28. a3 Kf7 29. Kf2 Re8 30. Rf5+ Kg6 31. g4 Red8 32. Ke3 Re8+ 33. Kf4 Red8 34. Ke5 R8d7 35. Kf4 Rf6 36. Ke5 Rxf5+ 37. gxf5+ Kf7 38. Nxd5 Rd8 39. c3 Rd7 40. Nf4 Re7+ 41. Ne6 g6 42. d5 gxf5 43. Kxf5 Ke8 44. d6 Rd7 45. Ke5 Ra7 46. Nc5 Kd8 47. Ke6 Kc8 48. Kd5 Kd8 49. Kc6 Ra8 50. d7 Ke7 51. Nb7 Rb8 52. d8Q+ Rxd8 53. Nxd8 Kxd8 54. Kb6 Kd7 55. Kxa6 Kc6 56. b4 Kd5 57. Kxb5 Kd6 58. Kb6 Kd5 59. a4 Kd6 60. a5 Kd7 61. Kb7 Kd6 62. a6 Ke7 63. a7 Kd7 64. a8Q Kd6 65. Qa5 Ke6 66. Qc5 Kf6 67. Qd5 Ke7 68. Qc6 Kf7 69. Qd6 Ke8 70. Qc7 Kf8 71. Kc6 Ke8 72. Kd6 Kf8 73. Qh7 Ke8 74. Qe7# 1-0

[Event "British Rapidplay"]
[Site "Peterborough"]
[Date "2024.03.02"]
[Round "5"]
[White "Pink, Joshua"]
[Black "Pickard, Charles W"]
[Result "1-0"]
[WhiteElo "1894"]
[BlackElo "2121"]
[PlyCount "65"]
[EventDate "2024.03.02"]
[EventType "swiss (rapid)"]
[EventRounds "11"]
[EventCountry "ENG"]
[SourceTitle "CB10_2024"]
[SourceDate "2024.03.06"]
[SourceVersion "1"]
[SourceVersionDate "2024.03.06"]
[SourceQuality "1"]

1. Nc3 c5 2. Nf3 Nc6 3. d4 cxd4 4. Nxd4 Nf6 5. g3 e6 6. Bg2 d5 7. 0-0 Bc5 8. Nxc6 bxc6 9. e4 0-0 10. Qe2 a5 11. Bg5 Ba6 12. Qf3 Bxf1 13. Rxf1 Be7 14. Rd1 Rb8 15. b3 Nd7 16. Bf4 Rb7 17. Ne2 e5 18. exd5 exf4 19. dxc6 Ne5 20. Rxd8 Nxf3+ 21. Bxf3 Rxd8 22. cxb7 Bd6 23. Nxf4 Kf8 24. Nd5 g6 25. c4 f5 26. Nb6 Ke7 27. Bc6 Bc7 28. Nc8+ Ke6 29. Bd5+ Ke5 30. a3 Kd4 31. b4 a4 32. Na7 Re8 33. Nb5+ 1-0

[Event "GBR-ch Major op 109th"]
[Site "Leicester"]
[Date "2023.07.27"]
[Round "6"]
[White "Howell, Oliver W"]
[Black "Pink, Joshua"]
[Result "1/2-1/2"]
[WhiteElo "1799"]
[BlackElo "1890"]
[PlyCount "105"]
[EventDate "2023.07.22"]
[EventType "swiss"]
[EventRounds "9"]
[EventCountry "ENG"]
[SourceTitle "EXT 2024"]
[Source "ChessBase"]
[SourceDate "2023.10.10"]
[SourceVersion "1"]
[SourceVersionDate "2023.10.10"]
[SourceQuality "1"]

1. Nf3 d6 2. c4 e5 3. g3 f5 4. d4 e4 5. Bg5 Be7 6. Bxe7 Qxe7 7. Nfd2 e3 8. fxe3 Qxe3 9. Nf3 Nf6 10. Qd2 Ng4 11. Qxe3+ Nxe3 12. Na3 Nc6 13. Kd2 Nxf1+ 14. Rhxf1 0-0 15. Nb5 Rf7 16. d5 Ne5 17. Nxe5 dxe5 18. e4 g6 19. Rae1 Re7 20. c5 b6 21. c6 Ba6 22. a4 fxe4 23. Ke3 Bc8 24. Nc3 Ba6 25. Rf2 Bc4 26. Kxe4 Rd8 27. Rd1 a6 28. Rb1 Bb3 29. Ra1 b5 30. axb5 axb5 31. Rd2 Bc4 32. Ra7 Rf7 33. Ke3 b4 34. Ne4 Rxd5 35. Ra8+ Kg7 36. Re8 Rxd2 37. Kxd2 Bd5 38. Rxe5 Bxc6 39. Ke3 Kf8 40. Rc5 Bxe4 41. Kxe4 Rf2 42. b3 Rb2 43. Rxc7 Kg8 44. Rb7 Rxb3 45. Kf4 Rb2 46. h4 Rb3 47. g4 h6 48. h5 g5+ 49. Kf5 Ra3 50. Rxb4 Ra5+ 51. Ke4 Ra6 52. Rb5 Rf6 53. Rf5 1/2-1/2

[Event "GBR-ch Major op 109th"]
[Site "Leicester"]
[Date "2023.07.26"]
[Round "5"]
[White "Pink, Joshua"]
[Black "Garnett, John S"]
[Result "1-0"]
[WhiteElo "1890"]
[BlackElo "1831"]
[PlyCount "59"]
[EventDate "2023.07.22"]
[EventType "swiss"]
[EventRounds "9"]
[EventCountry "ENG"]
[SourceTitle "EXT 2024"]
[Source "ChessBase"]
[SourceDate "2023.10.10"]
[SourceVersion "1"]
[SourceVersionDate "2023.10.10"]
[SourceQuality "1"]

1. d4 d5 2. c4 dxc4 3. e4 e5 4. d5 Nf6 5. Qc2 c6 6. dxc6 Nxc6 7. Nf3 Nd4 8. Nxd4 Qxd4 9. Nc3 Bd7 10. Be3 Qd6 11. Bxc4 Be7 12. Rd1 Qb4 13. Bd5 0-0 14. a3 Qa5 15. 0-0 Rac8 16. Qb3 b5 17. h3 a6 18. f4 exf4 19. Bxf4 Nxd5 20. Nxd5 Bc5+ 21. Kh1 Be6 22. Qg3 Kh8 23. b4 Bxb4 24. axb4 Qa2 25. Rf2 Qc4 26. Nb6 Qxe4 27. Nxc8 Rxc8 28. Be5 Rg8 29. Qxg7+ Rxg7 30. Rd8# 1-0

[Event "BCF-chT4 2223 (4NCL)"]
[Site "England"]
[Date "2023.05.01"]
[Round "11.62"]
[White "Latypova, Olga L"]
[Black "Pink, Joshua"]
[Result "1/2-1/2"]
[WhiteElo "1757"]
[BlackElo "1887"]
[PlyCount "175"]
[EventDate "2022.11.05"]
[EventType "team-swiss"]
[EventRounds "11"]
[EventCountry "ENG"]
[SourceTitle "EXT 2024"]
[Source "ChessBase"]
[SourceDate "2023.10.10"]
[SourceVersion "1"]
[SourceVersionDate "2023.10.10"]
[SourceQuality "1"]
[WhiteTeam "She Plays To Win Lionesses"]
[BlackTeam "Coventry"]
[WhiteTeamCountry "ENG"]
[BlackTeamCountry "ENG"]

1. e4 c6 2. d4 d5 3. Nc3 dxe4 4. Nxe4 Bf5 5. Ng3 Bg6 6. Nf3 Nd7 7. h4 h6 8. h5 Bh7 9. Bd3 Bxd3 10. Qxd3 e6 11. Bd2 Ngf6 12. 0-0-0 Qc7 13. Kb1 Bd6 14. Ne4 Nxe4 15. Qxe4 Nf6 16. Qe2 0-0-0 17. g3 Rhe8 18. Ne5 Bxe5 19. dxe5 Nd5 20. Rh4 Ne7 21. Ra4 a6 22. Re1 Rd5 23. c4 Rd7 24. Ba5 b6 25. Bc3 Kb7 26. g4 c5 27. Qf3+ Qc6 28. Re3 Red8 29. Ra3 Qxf3 30. Rxf3 Nc6 31. Rb3 Rd1+ 32. Kc2 R8d7 33. Rxf7 Rxf7 34. Kxd1 Rxf2 35. Be1 Rf4 36. Rg3 Rxc4 37. g5 Nxe5 38. Bc3 Re4 39. g6 Kc6 40. Rg2 b5 41. Rf2 b4 42. Bd2 Rh4 43. Rf7 Rxh5 44. Rxg7 Rh1+ 45. Kc2 Rg1 46. Bf4 Nxg6 47. Bxh6 Rg2+ 48. Kb3 Nh4 49. Re7 Re2 50. Re8 Nf5 51. Bf8 Nd4+ 52. Ka4 Nb5 53. Rc8+ Nc7 54. Bxc5 Rxb2 55. Bxb4 Kb7 56. Rh8 Rxa2+ 57. Kb3 Rg2 58. Rh7 Kc6 59. Bc3 Nd5 60. Be5 Re2 61. Bd4 Nb6 62. Ra7 e5 63. Bxe5 Rxe5 64. Rxa6 Kb5 65. Ra7 Re3+ 66. Kc2 Na4 67. Rg7 Nc5 68. Kd2 Rd3+ 69. Ke2 Rh3 70. Rg4 Ne6 71. Re4 Nc7 72. Kf2 Nd5 73. Kg2 Rb3 74. Kf2 Kc5 75. Rh4 Kd6 76. Ke2 Ke5 77. Kd2 Rg3 78. Ra4 Nf6 79. Rb4 Ne4+ 80. Ke2 Kf4 81. Rb8 Rg2+ 82. Kd3 Rd2+ 83. Kc4 Nd6+ 84. Kc3 Ne4+ 85. Kc4 Rd7 86. Rh8 Rc7+ 87. Kd3 Rc3+ 88. Kd4 1/2-1/2

[Event "BCF-chT4 2223 (4NCL)"]
[Site "England"]
[Date "2023.04.30"]
[Round "10.21"]
[White "Pink, Joshua"]
[Black "Geue, Niklas"]
[Result "0-1"]
[WhiteElo "1887"]
[BlackElo "2142"]
[PlyCount "50"]
[EventDate "2022.11.05"]
[EventType "team-swiss"]
[EventRounds "11"]
[EventCountry "ENG"]
[SourceTitle "EXT 2024"]
[Source "ChessBase"]
[SourceDate "2023.10.10"]
[SourceVersion "1"]
[SourceVersionDate "2023.10.10"]
[SourceQuality "1"]
[WhiteTeam "Coventry"]
[BlackTeam "Average Wood Pushers"]
[WhiteTeamCountry "ENG"]
[BlackTeamCountry "ENG"]

1. d4 Nf6 2. c4 e6 3. Nc3 Bb4 4. f3 c5 5. d5 b5 6. e4 0-0 7. e5 Ne8 8. f4 Bb7 9. Nf3 Bxc3+ 10. bxc3 Qa5 11. Qc2 exd5 12. Ng5 f5 13. cxb5 Nc7 14. Bd3 Ne6 15. Bxf5 Rxf5 16. Qxf5 Qxc3+ 17. Kd1 Qd4+ 18. Kc2 Nxg5 19. fxg5 Nc6 20. bxc6 Bxc6 21. Bb2 Ba4+ 22. Kc1 Qe3+ 23. Kb1 Rf8 24. Bc1 Rb8+ 25. Bb2 Qe2 0-1

[Event "Coventry op"]
[Site "Coventry"]
[Date "2023.02.18"]
[Round "1"]
[White "Pink, Joshua"]
[Black "Sedykh, Mikhail"]
[Result "1/2-1/2"]
[WhiteElo "1889"]
[BlackElo "2045"]
[PlyCount "109"]
[EventDate "2023.02.18"]
[EventType "swiss"]
[EventRounds "5"]
[EventCountry "ENG"]
[SourceTitle "CBM 212 Extra"]
[Source "ChessBase"]
[SourceDate "2023.03.31"]
[SourceVersion "1"]
[SourceVersionDate "2023.03.31"]
[SourceQuality "1"]

1. e4 e6 2. d4 d5 3. Nc3 dxe4 4. Nxe4 Nd7 5. Nf3 Ngf6 6. Nxf6+ Nxf6 7. c3 Be7 8. Bd3 0-0 9. Qc2 b6 10. Bg5 h6 11. Bxf6 Bxf6 12. Bh7+ Kh8 13. Be4 Rb8 14. 0-0-0 Bb7 15. Bxb7 Rxb7 16. h4 c5 17. dxc5 Qc7 18. Ng5 Qf4+ 19. Qd2 Be5 20. Nf3 bxc5 21. Nxe5 Qxe5 22. Qd6 Qxd6 23. Rxd6 Rfb8 24. b3 a5 25. Rhd1 a4 26. Rd8+ Kh7 27. Rxb8 Rxb8 28. Kc2 axb3+ 29. axb3 Kg6 30. Rd7 f5 31. h5+ Kf6 32. f4 Rg8 33. g3 g6 34. hxg6 Rxg6 35. Rd3 h5 36. b4 c4 37. Re3 h4 38. gxh4 Rg4 39. Rf3 Rxh4 40. Kd2 e5 41. fxe5+ Kxe5 42. Re3+ Kd5 43. Ke2 f4 44. Re8 Rh2+ 45. Kf3 Rh3+ 46. Kxf4 Rxc3 47. Rd8+ Kc6 48. Ke4 Rb3 49. Ke5 Re3+ 50. Kf4 Re7 51. Rb8 c3 52. Rc8+ Kb5 53. Rxc3 Kxb4 54. Re3 Rxe3 55. Kxe3 1/2-1/2

[Event "BCF-chT4 2223 (4NCL)"]
[Site "England"]
[Date "2023.01.08"]
[Round "4.62"]
[White "Robson, Ian A"]
[Black "Pink, Joshua"]
[Result "1/2-1/2"]
[WhiteElo "2231"]
[BlackElo "1887"]
[PlyCount "68"]
[EventDate "2022.11.05"]
[EventType "team-swiss"]
[EventRounds "11"]
[EventCountry "ENG"]
[SourceTitle "EXT 2024"]
[Source "ChessBase"]
[SourceDate "2023.10.10"]
[SourceVersion "1"]
[SourceVersionDate "2023.10.10"]
[SourceQuality "1"]
[WhiteTeam "Wotton Hall"]
[BlackTeam "Coventry"]
[WhiteTeamCountry "ENG"]
[BlackTeamCountry "ENG"]

1. e4 c6 2. Nf3 d5 3. exd5 cxd5 4. Ne5 Nc6 5. d4 Qd6 6. f4 Nf6 7. c3 g6 8. Bd3 Bf5 9. 0-0 Bg7 10. Qe2 0-0 11. Nd2 Rac8 12. g4 Bxd3 13. Qxd3 Qc7 14. h3 a6 15. a4 e6 16. Kg2 Ne7 17. Rf3 Ne8 18. Qe2 Nd6 19. b3 f5 20. Ba3 Ne4 21. Rc1 Rfe8 22. c4 Qa5 23. Nxe4 fxe4 24. Rfc3 b5 25. Bxe7 Rxe7 26. axb5 axb5 27. R3c2 Bxe5 28. fxe5 bxc4 29. bxc4 Rf8 30. Qd2 Qa3 31. Rc3 Qb4 32. R3c2 Qa3 33. Rc3 Qb4 34. R3c2 Qa3 1/2-1/2

[Event "Birmingham op"]
[Site "Birmingham"]
[Date "2022.11.20"]
[Round "5"]
[White "Pink, Joshua"]
[Black "Jukes, Sam"]
[Result "1-0"]
[WhiteElo "2053"]
[BlackElo "1975"]
[PlyCount "47"]
[EventDate "2022.11.19"]
[EventType "swiss"]
[EventRounds "5"]
[EventCountry "ENG"]
[SourceTitle "CBM 211 Extra"]
[Source "ChessBase"]
[SourceDate "2023.01.31"]
[SourceVersion "1"]
[SourceVersionDate "2023.01.31"]
[SourceQuality "1"]

1. d4 Nf6 2. Nf3 b6 3. Bg5 Bb7 4. Nc3 d5 5. e3 e6 6. Be2 Be7 7. 0-0 0-0 8. Ne5 Nfd7 9. Bxe7 Qxe7 10. f4 f6 11. Nf3 c5 12. Qd2 Nc6 13. Rae1 a6 14. f5 c4 15. e4 exf5 16. exd5 Na5 17. Qf4 Qb4 18. Qxf5 Qxb2 19. Ne4 Bc8 20. Qe6+ Rf7 21. Nd6 Ne5 22. Nxc8 Nxf3+ 23. Bxf3 Qxd4+ 24. Kh1 1-0

[Event "Birmingham op"]
[Site "Birmingham"]
[Date "2022.11.19"]
[Round "1"]
[White "Pink, Joshua"]
[Black "Isik, Muhammed Oguz"]
[Result "1-0"]
[WhiteElo "2053"]
[BlackElo "1707"]
[PlyCount "105"]
[EventDate "2022.11.19"]
[EventType "swiss"]
[EventRounds "5"]
[EventCountry "ENG"]
[SourceTitle "CBM 211 Extra"]
[Source "ChessBase"]
[SourceDate "2023.01.31"]
[SourceVersion "1"]
[SourceVersionDate "2023.01.31"]
[SourceQuality "1"]

1. e4 e5 2. Nf3 Nc6 3. Bc4 Bc5 4. b4 Bxb4 5. c3 Ba5 6. d4 exd4 7. 0-0 Nge7 8. cxd4 d5 9. exd5 Nxd5 10. Qb3 Nce7 11. Ba3 c6 12. Bxe7 Kxe7 13. Nbd2 f6 14. Rfe1+ Kf7 15. a4 a6 16. Re2 b5 17. axb5 axb5 18. Bxd5+ Qxd5 19. Qxd5+ cxd5 20. Nb3 Bf5 21. Rxa5 Rxa5 22. Nxa5 Rc8 23. Nb3 Rc3 24. Re3 Rc2 25. h3 h5 26. Nfd2 b4 27. Kf1 Rc3 28. Rxc3 bxc3 29. Nf3 Bd3+ 30. Ke1 Ke7 31. Ng1 Kd6 32. Ne2 c2 33. Kd2 Bc4 34. Nbc1 g5 35. Kxc2 h4 36. Kd2 Ke6 37. Nd3 Kf5 38. f3 Kg6 39. Nc3 Kf5 40. Ke3 Ke6 41. Nc5+ Kf5 42. N5a4 Bf1 43. Kf2 Bc4 44. Nb6 Bb3 45. Nbxd5 Ke6 46. Ne3 f5 47. d5+ Kf6 48. Nb5 Ba4 49. Nd6 f4 50. Ng4+ Kg6 51. Ne4 Kf5 52. d6 Ke6 53. Nc5+ 1-0

[Event "Newcastle Northumbria Masters"]
[Site "Newcastle on Tyne"]
[Date "2021.08.30"]
[Round "9"]
[White "Jones, Steven"]
[Black "Pink, Joshua"]
[Result "1-0"]
[WhiteElo "2234"]
[BlackElo "1924"]
[PlyCount "107"]
[EventDate "2021.08.26"]
[EventType "swiss"]
[EventRounds "9"]
[EventCountry "ENG"]
[SourceTitle "CBM 204 Extra"]
[Source "ChessBase"]
[SourceDate "2021.11.30"]
[SourceVersion "1"]
[SourceVersionDate "2021.11.30"]
[SourceQuality "1"]

1. e4 e5 2. Nf3 Nf6 3. d4 Nxe4 4. Bd3 Nc6 5. dxe5 d5 6. exd6 Nxd6 7. Nc3 Be6 8. Bf4 Nb4 9. 0-0 Be7 10. Nd4 Nxd3 11. Nxe6 fxe6 12. Qxd3 0-0 13. Bg3 Nf5 14. Qe4 Rf6 15. Be5 Rg6 16. Qxb7 Rb8 17. Qxa7 Rxb2 18. Rfb1 Rxb1+ 19. Rxb1 Qd2 20. Qa8+ Kf7 21. Qe4 Bc5 22. Qe2 Qg5 23. g3 Nd4 24. Qe4 Nxc2 25. Qf3+ Qf5 26. Qxf5+ exf5 27. Rb7 Rc6 28. Rxc7+ Rxc7 29. Bxc7 Ke6 30. Kf1 Bb4 31. Nb5 Kd5 32. Ke2 Na3 33. Nxa3 Bxa3 34. Kd3 g5 35. Bb6 h5 36. Kc3 Ke4 37. Kb3 Bd6 38. a4 Kf3 39. a5 Bb8 40. a6 Kg2 41. Kc4 Kxh2 42. g4 hxg4 43. Bc7+ Bxc7 44. a7 Bb6 45. a8Q Bxf2 46. Qh8+ Kg1 47. Kd3 g3 48. Ke2 g4 49. Qh5 g2 50. Qxf5 Bg3 51. Qxg4 Kh1 52. Qf3 Kh2 53. Qh5+ Kg1 54. Qh3 1-0

[Event "Newcastle Northumbria Masters"]
[Site "Newcastle on Tyne"]
[Date "2021.08.28"]
[Round "5"]
[White "Hutchinson, Paul A"]
[Black "Pink, Joshua"]
[Result "0-1"]
[WhiteElo "2120"]
[BlackElo "1924"]
[PlyCount "160"]
[EventDate "2021.08.26"]
[EventType "swiss"]
[EventRounds "9"]
[EventCountry "ENG"]
[SourceTitle "CBM 204 Extra"]
[Source "ChessBase"]
[SourceDate "2021.11.30"]
[SourceVersion "1"]
[SourceVersionDate "2021.11.30"]
[SourceQuality "1"]

1. d4 Nf6 2. Nf3 d5 3. Bf4 c5 4. e3 Nc6 5. Nbd2 e6 6. c3 Bd6 7. Bg3 0-0 8. Be2 Qe7 9. Bb5 Bd7 10. 0-0 Nxd4 11. exd4 Bxb5 12. Re1 Bc6 13. Ne5 cxd4 14. cxd4 Rac8 15. Bh4 Qc7 16. Nxc6 bxc6 17. Bxf6 gxf6 18. Re3 Bxh2+ 19. Kh1 Bf4 20. Rh3 f5 21. Nf3 f6 22. g3 Bd6 23. Kg2 Rf7 24. Qe2 Qd7 25. Re1 Re8 26. Nh4 Ree7 27. Rc1 Qc8 28. Rhh1 Rg7 29. Rc3 f4 30. Rhc1 Rc7 31. Re1 e5 32. Rec1 e4 33. Qh5 f3+ 34. Kh2 Rg5 35. Qh6 Qe6 36. Nxf3 exf3 37. Rxf3 Rg6 38. Qe3 Qxe3 39. Rxe3 Kf7 40. Rec3 f5 41. a3 a5 42. Kg2 Bf8 43. Rb3 Bg7 44. Rd1 Ke6 45. Rb6 f4 46. Ra6 fxg3 47. fxg3 Rg4 48. Rxa5 Rxd4 49. Rh1 Rd2+ 50. Kf3 Bxb2 51. Rh6+ Kf5 52. g4+ Kg5 53. Rh5+ Kg6 54. Ra8 Rd3+ 55. Kf4 Rf7+ 56. Rf5 Rd4+ 57. Ke3 Rxf5 58. gxf5+ Kxf5 59. Rc8 Rc4 60. a4 Rxa4 61. Rxc6 Ra3+ 62. Kd2 Ke4 63. Rh6 Ra7 64. Rh4+ Ke5 65. Rh5+ Kd4 66. Rh4+ Kc5 67. Kd3 Bf6 68. Rh5 Ra3+ 69. Kc2 Kc4 70. Rxh7 Ra2+ 71. Kb1 Rb2+ 72. Kc1 Rg2 73. Kd1 d4 74. Rh6 Be5 75. Ra6 Kd3 76. Ra3+ Ke4 77. Ra4 Ke3 78. Ra5 Rg1+ 79. Kc2 d3+ 80. Kb3 d2 0-1

[Event "Newcastle Northumbria Masters"]
[Site "Newcastle on Tyne"]
[Date "2021.08.28"]
[Round "4"]
[White "Pink, Joshua"]
[Black "Dargan, Paul AG"]
[Result "1/2-1/2"]
[WhiteElo "1924"]
[BlackElo "2064"]
[PlyCount "128"]
[EventDate "2021.08.26"]
[EventType "swiss"]
[EventRounds "9"]
[EventCountry "ENG"]
[SourceTitle "CBM 204 Extra"]
[Source "ChessBase"]
[SourceDate "2021.11.30"]
[SourceVersion "1"]
[SourceVersionDate "2021.11.30"]
[SourceQuality "1"]

1. Nc3 c5 2. Nf3 Nc6 3. d4 d5 4. Bf4 Nf6 5. e3 a6 6. Be2 Bg4 7. 0-0 e6 8. h3 Bxf3 9. Bxf3 cxd4 10. exd4 Bd6 11. Ne2 Bxf4 12. Nxf4 Qb6 13. c3 Qxb2 14. Qd3 Qa3 15. Rfb1 b5 16. Qe3 0-0 17. Rb3 Qd6 18. a4 b4 19. Nd3 a5 20. Ne5 Rfb8 21. c4 Rc8 22. Rc1 dxc4 23. Rxc4 Nd5 24. Qe4 Nxe5 25. Rxc8+ Rxc8 26. dxe5 Qc6 27. Rd3 Qxa4 28. Kh2 Qb5 29. Bg4 g6 30. f4 Rc4 31. Qe2 Qc5 32. f5 Rc2 33. Qf3 gxf5 34. Bxf5 exf5 35. Rxd5 Qf2 36. Qxf2 Rxf2 37. Rxa5 b3 38. Rb5 b2 39. Kg3 Rc2 40. Kf3 Kf8 41. Rb7 f4 42. Kxf4 Rxg2 43. h4 Ke8 44. Kf5 Rf2+ 45. Kg5 Re2 46. Kf6 Rf2+ 47. Kg5 Kd8 48. h5 Kc8 49. Rb5 Kc7 50. Kh6 Kc6 51. Rb8 Kd5 52. Kxh7 Kxe5 53. Kg7 f5 54. h6 Rg2+ 55. Kf7 Rh2 56. Kg7 f4 57. h7 Rg2+ 58. Kf7 Rh2 59. Kg7 f3 60. Rxb2 Rxh7+ 61. Kxh7 Ke4 62. Kg6 Ke3 63. Kg5 f2 64. Rxf2 Kxf2 1/2-1/2

[Event "Newcastle Northumbria Masters"]
[Site "Newcastle on Tyne"]
[Date "2021.08.26"]
[Round "1"]
[White "Pink, Joshua"]
[Black "Bradbury, Neil H"]
[Result "0-1"]
[WhiteElo "1924"]
[BlackElo "2297"]
[PlyCount "126"]
[EventDate "2021.08.26"]
[EventType "swiss"]
[EventRounds "9"]
[EventCountry "ENG"]
[SourceTitle "CBM 204 Extra"]
[Source "ChessBase"]
[SourceDate "2021.11.30"]
[SourceVersion "1"]
[SourceVersionDate "2021.11.30"]
[SourceQuality "1"]

1. e4 e5 2. Nf3 Nc6 3. Bc4 Bc5 4. c3 Nf6 5. d4 exd4 6. cxd4 Bb4+ 7. Nc3 d5 8. exd5 Nxd5 9. 0-0 Be6 10. Bg5 Be7 11. Nxd5 Bxd5 12. Bxd5 Qxd5 13. Bxe7 Kxe7 14. Re1+ Kf8 15. Qe2 g6 16. Rac1 Kg7 17. Rc5 Qd6 18. Qc4 Rhe8 19. Ne5 Re7 20. Rd5 Qb4 21. Qxb4 Nxb4 22. Rb5 Nc2 23. Rd1 Rd8 24. Kf1 c6 25. Rc5 Rxd4 26. Rxd4 Nxd4 27. Nd3 b6 28. Rc4 Rd7 29. b4 Rd6 30. Ke1 Nf3+ 31. Ke2 Rxd3 32. gxf3 Ra3 33. Rxc6 Rxa2+ 34. Ke3 Ra4 35. Rc7 a6 36. Ra7 b5 37. Ke2 h5 38. Kf1 Kf6 39. Kg2 Ke6 40. Kg3 f6 41. Ra8 Kf5 42. Ra7 g5 43. Ra8 h4+ 44. Kg2 Kf4 45. h3 f5 46. Ra7 Rxb4 47. Rxa6 Rb3 48. Rb6 b4 49. Rb5 Rb2 50. Rb8 Rb1 51. Rb5 b3 52. Rb8 Ke5 53. Rb5+ Kd4 54. f4 g4 55. hxg4 fxg4 56. f5 h3+ 57. Kh2 Rf1 58. Rxb3 Rxf2+ 59. Kg1 Rg2+ 60. Kf1 Ke5 61. Rb5+ Kf6 62. Ra5 Rb2 63. Kg1 g3 0-1